书目信息 |
| 题名: |
居住环境评价方法与理论
|
|
| 作者: | 浅见泰司 编著 | |
| 分册: | ||
| 出版信息: | 北京 清华大学出版社 2006.50 |
|
| 页数: | ||
| 开本: | 32开 | |
| 丛书名: | ||
| 单 册: | ||
| 中图分类: | X821 | |
| 科图分类: | ||
| 主题词: | 环境质量--分析(化学) , 环境质量--评价 | |
| 电子资源: | ||
| ISBN: | 7-302-12059-5 | |
| 000 | 00607nam0 2200193 450 | |
| 001 | 0736196517 | |
| 005 | 20070924100316.51 | |
| 010 | @a7-302-12059-5@d¥39.80 | |
| 100 | @a20070924d km y0chiy0120 ea | |
| 101 | 0 | @achi |
| 200 | 1 | @a居住环境评价方法与理论@Aju zhu huan jing ping jia fang fa yu li lun@f(日)浅见泰司 编著@F(ri)qian jian tai si bian zhu |
| 210 | @a北京@c清华大学出版社@d2006.50 | |
| 215 | @d32开 | |
| 606 | 0 | @a环境质量@x分析(化学) |
| 606 | 0 | @a环境质量@x评价 |
| 690 | @aX821@v3 | |
| 701 | 0 | @a浅见泰司@Aqian jian tai si@4编著 |
| 801 | 0 | @aCN@bPFT@c20070924 |
| 905 | @a213230@dX821@eZY34@f1 | |
| 居住环境评价方法与理论/(日)浅见泰司 编著.-北京:清华大学出版社,2006.50 |
| 32开 |
| ISBN 7-302-12059-5:¥39.80 |
| ● |
| 相关链接 |
|
|
|
|
正题名:居住环境评价方法与理论
索取号:X821/ZY34
 
预约/预借
| 序号 | 登录号 | 条形码 | 馆藏地/架位号 | 状态 | 备注 |
| 1 | 7901309 | 279013096 | 密集书库-资源管理系/ [索取号:X821/ZY34] | 在馆 |